Arshile Gorky, 1904-1948 : (Record no. 190517)

MARC details
000 -LEADER
campo de control de longitud fija 01156nam a2200253 i 4500
001 - NÚMERO DE CONTROL
campo de control 190517
003 - IDENTIFICADOR DE NÚMERO DE CONTROL
campo de control ES-MaACL
005 - FECHA Y HORA DE LA ÚLTIMA TRANSACCIÓN
campo de control 20240112180059.0
008 - DATOS DE LONGITUD FIJA--INFORMACIÓN GENERAL
campo de control de longitud fija 210818s1989 sp a 001 0dspa d
020 ## - NÚMERO INTERNACIONAL ESTÁNDAR DEL LIBRO
Número Internacional Estándar del Libro 84-7664-237-7
080 ## - NÚMERO DE LA CLASIFICACIÓN DECIMAL UNIVERSAL
Número de la Clasificación Decimal Universal 75 Gorky, Arshile (064.3)
100 1# - ENTRADA PRINCIPAL--NOMBRE DE PERSONA
Nombre de persona Gorky, Arshile (
Fechas asociadas al nombre 1905-1948)
9 (RLIN) 173308
245 10 - MENCIÓN DEL TÍTULO
Título Arshile Gorky, 1904-1948 :
Resto del título exposición organizada por la Fundación Caja de Pensiones y The Whitechapel Art Gallery : 17 de octubre-23 de diciembre 1989, Sala de Exposiciones de la Fundación Caja de Pensiones, Madrid, 19 de enero-25 de marzo 1990, The Whitechapel Art Gallery, Londres.
260 ## - PUBLICACIÓN, DISTRIBUCIÓN, ETC.
Lugar de publicación, distribución, etc. [Madrid] :
Nombre del editor, distribuidor, etc. Fundación Caja de Pensiones,
Fecha de publicación, distribución, etc. [1989]
300 ## - DESCRIPCIÓN FÍSICA
Extensión 227 p. :
Otras características físicas principalmente il. col. y n. ;
Dimensiones 30 cm.
504 ## - NOTA DE BIBLIOGRAFÍA, ETC.
Nota de bibliografía, etc. Bibliografía: 189.
546 ## - NOTA DE IDIOMA
Nota de lengua/lenguaje Texto en español e inglés.
600 14 - PUNTO DE ACCESO ADICIONAL DE MATERIA--NOMBRE DE PERSONA
Nombre de persona Gorky, Arshile (
Fechas asociadas al nombre 1905-1948)-
Subdivisión de forma Exposiciones.
9 (RLIN) 173309
655 #7 - TERMINO DE INDIZACIÓN--GENERO/FORMA
Fuente del término tgfbne
9 (RLIN) 193628
Datos o término principal de género/forma Catálogos de exposiciones
710 2# - ENTRADA AGREGADA--NOMBRE DE ENTIDAD CORPORATIVA
Nombre de entidad corporativa o nombre de jurisdicción como elemento de entrada Fundació "la Caixa"
9 (RLIN) 173255
852 4# - LOCALIZACIÓN
Ubicación ES-MaACL
Número de control de estantería A-14720
itemnumber 197695
Sublocalización o colección R.151976
Ubicación en estantería Depósito 1
Signatura antigua Olim: N-7720
Donativo/Legado Donación: Editorial
942 ## - ELEMENTOS DE ENTRADA SECUNDARIOS (KOHA)
Fuente del sistema de clasificación o colocación Clasificación decimal universal
Tipo de ítem Koha Libro impreso
Holdings
Estatus retirado Estado de pérdida Fuente del sistema de clasificación o colocación Estado de daño No para préstamo Biblioteca de origen Biblioteca actual Ubicación en estantería Fecha de adquisición Fuente de adquisición Total de préstamos Signatura topográfica completa Código de barras Visto por última vez Precio de reemplazo Tipo de ítem Koha
    Clasificación decimal universal     Biblioteca del Ateneo de Madrid Biblioteca del Ateneo de Madrid Depósito 1 18/08/2021 Donación   A-14720 1202634 23/02/2023 23/02/2023 Libro impreso